Il Parnasso dell’Istro: Eugenio di San Giuseppe, Caramuel y Lobkowitz e la prima accademia italiana di Vienna (1657)
| Titel: | Il Parnasso dell’Istro: Eugenio di San Giuseppe, Caramuel y Lobkowitz e la prima accademia italiana di Vienna (1657) / Alessandro Metlica |
|---|---|
| Verfasser: | |
| In: |
Römische historische Mitteilungen, Band 55 (2013 [2014]), Seite 231-270 alle Artikel anzeigen |
| Veröffentlicht: | 2014 |
| Format: | Aufsatz |
| Sprache: | Italienisch |
X
alg: 47312633 001A $03025:01-12-20 001B $03025:02-12-20 $t10:24:29.000 001D $03025:01-12-20 001U $0utf8 001X $00 002@ $0Aou 002C $aText $btxt $2rdacontent 002D $aohne Hilfsmittel zu benutzen $bn $2rdamedia 002E $aBand $bnc $2rdacarrier 003@ $0473126338 007A $0473126338 $aHEB 010@ $aita 010E $erda 011@ $a2013 $n2014 021A $aIl Parnasso dell’Istro: Eugenio di San Giuseppe, Caramuel y Lobkowitz e la prima accademia italiana di Vienna (1657) $hAlessandro Metlica 028A $BVerfasser $4aut $71097441695 $8Metlica, Alessandro$Z1985- [Tp3] $9378465228 031A $d55 $h231-270 $j2013 [2014] 039B $aEnthalten in $8--Abvc--. Römische historische Mitteilungen . - Wien : Verl. d. Österreichischen Akad. d. Wissenschaften, 1958-. - ISSN 0080-3790 $x201300000550000769 $9047289082 044K $#Caramuel, Juan $#Caramuel Lobkowicz, Juan $#Caramuel y Lobkowitz, Juan $#Caramuel y Lobkowitz, Ioannes $#Caramuel z Lobkowic, Jan $#Lobkowiz, Johannes $#Lobkowitz, Jean C. $#Caramuel von Lobkowitz, Juan $#Caramuel Lobkowitz, Johannes $#Lobkowitz, Ioannes C. $#Caramuel Lobkowitz, Ioannes $#Lobkowitz, Iuan C. $#Caramuel de Lobkowitz, Juan $#Caramuel a Lobkowitz, Juan $#Lobkowitz, Joannes C. $#Lobkowitz, Johannes C. a $#Caramuel à Lobkowitz, Johannes $#Lobkowitz, Johannes C. à $#Caramuel à Lobkowitz, Juan $#Lobkowitz, Juan C. à $#Lobkowitz, Johann Caramuel von $#Ḳaramuʹel Lobḳovits, Yohanes $#Caramvel Lobkowits, Ioannes $#Caramuel Lobkowits, Johannes $#Lobkowits, Ioannes Caramvel $#Lobkowits, Johannes Caramuel $#Caramuel a Lobkowitz, Johannes $#Caramuel de Lobkowitz, Johannes $#Lobkowitz, Johannes C. $#Caramuel, Jo. $#Caramuel, Joannes $#Caramuel, Johannes $#Lobkowitz, Juan C. $#Caramuel-Lobkowitz, Juan $#Lobkowizius, Johannes C. $#Lobkowizius, Johannes Caramuel $#Kramuel Lovkovits, Yohans $#Caramuel Lobkovvitz, Ivan $#Lobkowitz, Juan Caramuel von $#Caramuel, Ioannes $#Caramuel De Lobkowitz, Juan $#Caramuel Lobkowitz, Joannes $7119268612 $8Caramuel Lobkowitz, Juan$Z1606-1682 [Tp1] $9087608472 044K $RKönigreich Sardinien $RRepublik von Salò $#Italy $#Italien $#Italien $#Italia $#Königreich Italien $#Repubblica Italiana $#Italiya Respublikasi $#Italijos Respublika $#Olaszorszaǵ $#Olasz Koz͏̈taŕsasaǵ $#Regno d'Italia 1861- $#Italienische Republik $#République Italienne $#Yidali-gongheguo $#Italy $74027833-5 $8Italien [Tgz] $9085071234 044K $#Wienn $#Viedeň $#Vinna $#Wiedeń Wien $#Vena $#Wienna $#Vin $#Biennē $#Viennē $#Wīn $#Bécs $#Vídeň $#Vjenë $#Dunaj $#Wenia $#Bundesland Wien $#Land Wien $#Stadt Wien $#Bundeshauptstadt Wien $#Bundesunmittelbare Stadt Wien $#Kaiserlich-Königliche Reichshaupt- und Residenzstadt Wien $#K.K. Reichshaupt- und Residenzstadt Wien $#Reichshaupt- und Residenzstadt Wien $#Reichsgau Wien $#Vienna $#Vienne Österreich $#Beč $#Viena $#Bécs $#Vindobona Wien $#Vienna Pannoniae $#Vindobona $#Vienna Austriae $#Vienne $#Gemeinde Wien $#Vienna Fluviorum $74066009-6 $8Wien [Tgz] $9085185515 044K $#Prag $#Hlavni Město Praha $#Hauptstadt Prag $#Prag Kraj $#Bezirk Prag $#Praha $#Prague $#Praga $#Praag $74076310-9 $8Prag [Tg1] $9085216283 044K $RKultur $#Ethnic relations $#Cultural relations $#Relations interethniques $#Relations culturelles $#Relaciones étnicas $#Relaciones culturales $#Interkulturelle Beziehungen $#kulturelle Beziehungen $#Kulturelle Beziehungen $#Kulturbeziehung $74033552-5 $8Kulturbeziehungen [Ts1] $9085089621 045F $a370.9437109032 $eDDC23BSB 045F/01 $a370.9 045F/03 $f09032 045F/03 $g4371 045F/03 $g436 045F/03 $g45 045G $a306.09437109032 $eDDC23BSB 045G/01 $a306.09 045G/03 $f09032 045G/03 $g4371 045G/03 $g436 045G/03 $g45 045R $aGeschichte 1630-1657 045T $a1 $a8 lok: 47312633 78 exp: 47312633 78 1 #EPN 201B/01 $001-12-20 $t15:40:26.000 201C/01 $001-12-20 201U/01 $0utf8 203@/01 $0113157754X 204P/01 $010.1553/rhm55s231 208@/01 $a01-12-20 $be 209A/01 $a/ $f000 $x00 209A/01 $ab*p $x01 220C/01 $apgar 244Z/01 $#Böhmische Kronländer $#Länder der Böhmischen Krone $#Sudetenland $#Böhmen $#Mähren $#Mährisch-Schlesien $#Österreichisch-Schlesien $#Tschechische Sozialistische Republik Böhmische Länder $#Tschechei Böhmische Länder $#Země koruny české $74069573-6 $8--Tg1--Böhmische Länder $x01 $9085195553 247C/01 $82080>Marburg/Lahn, Herder-Institut, Forschungsbibliothek, Bibliographieportal $9336309341
| LEADER | 00000caa a2200000 c 4500 | ||
|---|---|---|---|
| 001 | 473126338 | ||
| 003 | DE-603 | ||
| 005 | 20201202102429.0 | ||
| 007 | tu | ||
| 008 | 201201s2013 xx |||| | u00||u|ita c | ||
| 035 | |a (DE-599)HEB473126338 | ||
| 040 | |a DE-603 |b ger |c DE-603 |d DE-603 |e rda | ||
| 041 | |a ita | ||
| 082 | 0 | 4 | |8 1\u |a 370.9437109032 |q DE-101 |2 23/BSB |
| 083 | 0 | |8 2\u |a 306.09437109032 |q DE-101 |2 23/BSB | |
| 084 | |a 1 |a 8 |2 ssgn | ||
| 085 | |8 1\u |b 370.9 | ||
| 085 | |8 1\u |z 1 |s 09032 | ||
| 085 | |8 1\u |z 2 |s 4371 | ||
| 085 | |8 1\u |z 2 |s 436 | ||
| 085 | |8 1\u |z 2 |s 45 | ||
| 085 | |8 2\u |b 306.09 | ||
| 085 | |8 2\u |z 1 |s 09032 | ||
| 085 | |8 2\u |z 2 |s 4371 | ||
| 085 | |8 2\u |z 2 |s 436 | ||
| 085 | |8 2\u |z 2 |s 45 | ||
| 100 | 1 | |a Metlica, Alessandro |d 1985- |e Verfasser |4 aut |0 (DE-603)378465228 |0 (DE-588)1097441695 |2 gnd | |
| 245 | 0 | 0 | |a Il Parnasso dell’Istro: Eugenio di San Giuseppe, Caramuel y Lobkowitz e la prima accademia italiana di Vienna (1657) |c Alessandro Metlica |
| 264 | 0 | |c 2014 | |
| 336 | |a Text |b txt |2 rdacontent | ||
| 337 | |a ohne Hilfsmittel zu benutzen |b n |2 rdamedia | ||
| 338 | |a Band |b nc |2 rdacarrier | ||
| 600 | 1 | 7 | |a Caramuel Lobkowitz, Juan |d 1606-1682 |0 (DE-588)119268612 |0 (DE-603)087608472 |2 gnd |
| 648 | 7 | |a Geschichte 1630-1657 |2 gnd | |
| 650 | 7 | |a Kulturbeziehungen |0 (DE-588)4033552-5 |0 (DE-603)085089621 |2 gnd | |
| 651 | 7 | |a Italien |0 (DE-588)4027833-5 |0 (DE-603)085071234 |2 gnd | |
| 651 | 7 | |a Wien |0 (DE-588)4066009-6 |0 (DE-603)085185515 |2 gnd | |
| 651 | 7 | |a Prag |0 (DE-588)4076310-9 |0 (DE-603)085216283 |2 gnd | |
| 773 | 0 | 8 | |i Enthalten in |t Römische historische Mitteilungen |d Wien : Verl. d. Österreichischen Akad. d. Wissenschaften, 1958- |x 0080-3790 |g Band 55 (2013 [2014]), Seite 231-270 |w (DE-603)047289082 |w (DE-600)206126-0 |
| 924 | 0 | |9 2080 |a (DE-603)113157754X |b DE-2080 |c HES |d d |g / | |


